000 00523nam a2200193Ia 4500
005 20250326144134.0
008 250326s9999 xx 000 0 und d
037 _aTextbook
040 _aFMSL
_beng
_cFMSL
041 _aeng
_2eng
084 _aX:972 L2
_qFMSL
100 _aDavey H W
_9127564
245 0 _aContemporary collective bargaining
_cDavey H W
250 _a3
260 _aNew Jersey
_bNew Jersey, Prentice-Hall
_c1972
300 _a402p
942 _cTB
_hX:972 L2
999 _c1302518
_d1302518